Large dog breeds - Statistics

General Stats
  • This quiz has been taken 22 times
    13 since last reset
  • The average score is 13 of 15
Answer Stats
Picture Answer % Correct
Australian cattle dog
100%
Chow chow
100%
Doberman
100%
German shepherd
100%
Golden retriever
100%
Husky
100%
Irish wolf hound
100%
Rottweiler
100%
St. Bernard
100%
Great dane
90%
Mastiff
80%
Pit bull
80%
Collie
70%
Dutch shepherd
70%
Blood hound
20%
No matching quizzes found
Score Distribution
Percent of People with Each Score
Percentile by Number Answered
Your Score History
You have not taken this quiz since the last reset